| 000 | 00671nam a22002057a 4500 | ||
|---|---|---|---|
| 005 | 20240805120850.0 | ||
| 010 | _aENG-141207 | ||
| 020 |
_c995.00 _a9789355326935 |
||
| 035 | _aEN-124739 | ||
| 037 | _bDBAD | ||
| 082 |
_a657.3 _211 |
||
| 100 |
_aWild, John J. _969447 |
||
| 245 |
_aFinancial Accounting: _bInformation for Decisions/ _cBy John J. Wild [and] Prakash Singh |
||
| 250 | _a11 | ||
| 260 |
_aTamil Nadu _bMcGraw Hill Education _c2024 |
||
| 270 |
_bChennai _aAnjana Complex No: 5/90 A, Butt Road,St Thomas Mount _e600016 |
||
| 300 |
_avarious Pages _c28cm(pbk) |
||
| 700 |
_aPrakash Singh _eAuthor _969448 |
||
| 942 |
_2ddc _cEN _h657.3 _mWIL _e1 |
||
| 999 |
_c204806 _d204806 |
||